My life with diabetes / by Mari Schuh ; art by Ana Sebastián.
Meet Tiana! She likes gymnastics, cooking, and drawing. She also has diabetes. Tiana is real and so are her experiences. Learn about her life in this illustrated narrative nonfiction picture book for elementary students. Kids are naturally curious about differences. Tiana sheds light on her life, with the help of experienced children's author Mari Schuh. Tiana is not defined by diabetes, but she does some things differently, like needing to test her blood sugar before meals. Let Tiana tell you a little about her life. Colorful, realistic illustrations and a dyslexic-friendly font promote accessibility. Includes tips for kids about interacting with someone who has diabetes.
Record details
- ISBN: 9781645494904
- ISBN: 164549490X
- ISBN: 9781681528977
- ISBN: 1681528975
- Physical Description: 24 pages : color illustrations ; 22 x 25 cm
- Publisher: Mankato, MN : Amicus, [2024]
Content descriptions
| Bibliography, etc. Note: | Includes bibliographical references (page 24). |
| Target Audience Note: | Ages 6-9 |
Search for related items by subject
| Subject: | Diabetic children > Juvenile literature. Diabetes > Juvenile literature. Chronically ill children > Juvenile literature. |
| Genre: | Biographies. Juvenile works Creative nonfiction. Illustrated works. |
Search for related items by series
| LDR | 02930cam a22006978i 4500 | ||
|---|---|---|---|
| 001 | 162521 | ||
| 003 | SBPL | ||
| 005 | 20240125160743.0 | ||
| 008 | 220922t20242024mnua j b 000 0 eng | ||
| 010 | . | ‡a 2022045672 | |
| 020 | . | ‡a9781645494904 ‡q(library binding) | |
| 020 | . | ‡a164549490X ‡q(library binding) | |
| 020 | . | ‡a9781681528977 ‡q(paperback) | |
| 020 | . | ‡a1681528975 ‡q(paperback) | |
| 035 | . | ‡a(OCoLC)1346543644 ‡z(OCoLC)1365616120 ‡z(OCoLC)1407065766 ‡z(OCoLC)1416713348 | |
| 050 | 0 | 0. | ‡aRJ420.D5 ‡bS36 2024 |
| 082 | 0 | 4. | ‡a616.4/62 |
| 100 | 1 | . | ‡aSchuh, Mari C., ‡d1975- ‡eauthor. |
| 245 | 1 | 0. | ‡aMy life with diabetes / ‡cby Mari Schuh ; art by Ana Sebastián. |
| 264 | 1. | ‡aMankato, MN : ‡bAmicus, ‡c[2024] | |
| 300 | . | ‡a24 pages : ‡bcolor illustrations ; ‡c22 x 25 cm | |
| 336 | . | ‡atext ‡btxt ‡2rdacontent | |
| 336 | . | ‡astill image ‡bsti ‡2rdacontent | |
| 337 | . | ‡aunmediated ‡bn ‡2rdamedia | |
| 338 | . | ‡avolume ‡bnc ‡2rdacarrier | |
| 490 | 1 | . | ‡aMy life with... |
| 504 | . | ‡aIncludes bibliographical references (page 24). | |
| 520 | . | ‡aMeet Tiana! She likes gymnastics, cooking, and drawing. She also has diabetes. Tiana is real and so are her experiences. Learn about her life in this illustrated narrative nonfiction picture book for elementary students. Kids are naturally curious about differences. Tiana sheds light on her life, with the help of experienced children's author Mari Schuh. Tiana is not defined by diabetes, but she does some things differently, like needing to test her blood sugar before meals. Let Tiana tell you a little about her life. Colorful, realistic illustrations and a dyslexic-friendly font promote accessibility. Includes tips for kids about interacting with someone who has diabetes. | |
| 521 | . | ‡aAges 6-9 | |
| 650 | 0. | ‡aDiabetic children ‡vJuvenile literature. | |
| 650 | 0. | ‡aDiabetes ‡vJuvenile literature. | |
| 650 | 0. | ‡aChronically ill children ‡vJuvenile literature. | |
| 655 | 7. | ‡aBiographies. | |
| 655 | 7. | ‡aJuvenile works ‡2fast | |
| 655 | 7. | ‡aCreative nonfiction. ‡2lcgft | |
| 655 | 7. | ‡aIllustrated works. ‡2lcgft | |
| 700 | 1 | . | ‡aSebastian, Ana, ‡eillustrator. |
| 800 | 1 | . | ‡aSchuh, Mari C., ‡d1975- ‡tMy life with... |
| 901 | . | ‡a162521 ‡bAUTOGEN ‡c162521 ‡tbiblio | |